[Event "Titled Tuesday intern op 19th Sep Early"]
[Site "Chess.com INT"]
[Date "2023.09.19"]
[Round "11"]
[White "Korelskiy, Egor"]
[Black "Ezat, Mohamed Mahmoud"]
[Result "0-1"]
[WhiteElo "2189"]
[BlackElo "2382"]
[PlyCount "100"]
[EventDate "2023.09.19"]
[EventType "swiss (blitz)"]
[EventRounds "11"]
[EventCountry "USA"]
[SourceTitle "EXT 2024"]
[Source "ChessBase"]
[SourceDate "2023.10.10"]
[SourceVersion "1"]
[SourceVersionDate "2023.10.10"]
[SourceQuality "1"]

1. e4 e5 2. Nf3 Nc6 3. Bb5 Nge7 4. 0-0 a6 5. Ba4 g6 6. c3 Bg7 7. d4 exd4 8. cxd4 b5 9. Bb3 0-0 10. d5 Na5 11. Nbd2 d6 12. Re1 f5 13. e5 Bb7 14. Nd4 Nxb3 15. N2xb3 Bxd5 16. exd6 Qxd6 17. Ne6 Bxe6 18. Qxd6 cxd6 19. Rxe6 Nc6 20. Rxd6 Rfd8 21. Rxd8+ Rxd8 22. Bg5 Bxb2 23. Rb1 Rd5 24. h4 Ba3 25. Re1 Kf7 26. Re2 Bd6 27. g3 Ne5 28. Kg2 Nc4 29. Re1 a5 30. h5 a4 31. hxg6+ Kxg6 32. Bh4 axb3 33. axb3 Ne5 34. Ra1 Rd2 35. Ra6 Kf7 36. Ra7+ Ke6 37. Bg5 Ng4 38. Bxd2 h5 39. Ra6 Kd5 40. f3 Nf6 41. Bc3 Nd7 42. Ra7 Nc5 43. Bb4 Nxb3 44. Rd7 Nc5 45. Bxc5 Kxc5 46. Rh7 b4 47. Rxh5 b3 48. Rxf5+ Kc4 49. Rf7 b2 50. Rb7 Bb4 0-1

[Event "Titled Tuesday intern op 19th Sep Early"]
[Site "Chess.com INT"]
[Date "2023.09.19"]
[Round "3"]
[White "Korelskiy, Egor"]
[Black "Yarullina, Alina"]
[Result "1-0"]
[WhiteElo "2189"]
[BlackElo "2084"]
[PlyCount "83"]
[EventDate "2023.09.19"]
[EventType "swiss (blitz)"]
[EventRounds "11"]
[EventCountry "USA"]
[SourceTitle "EXT 2024"]
[Source "ChessBase"]
[SourceDate "2023.10.10"]
[SourceVersion "1"]
[SourceVersionDate "2023.10.10"]
[SourceQuality "1"]

1. e4 e6 2. Qe2 c5 3. Nf3 Nc6 4. g3 g6 5. Bg2 Bg7 6. 0-0 Nge7 7. e5 0-0 8. d3 d5 9. exd6 Qxd6 10. Nbd2 a6 11. Ne4 Qd5 12. Bh6 b6 13. Bxg7 Kxg7 14. Qd2 Bb7 15. c3 Rad8 16. Rad1 Ne5 17. Qf4 Nxf3+ 18. Bxf3 Qf5 19. Qe3 Nd5 20. Qe2 Nf6 21. Bg2 b5 22. Rfe1 Nxe4 23. dxe4 Qe5 24. f4 Qc7 25. Qe3 e5 26. Kf2 exf4 27. gxf4 f5 28. e5 Bxg2 29. Kxg2 Qc6+ 30. Kf2 g5 31. e6 Rxd1 32. Rxd1 Re8 33. Qe5+ Kg6 34. e7 Qe4 35. Rd6+ Kh5 36. Re6 Qxe5 37. Rxe5 gxf4 38. Kf3 Kg6 39. Kxf4 Kf6 40. Rxf5+ Kxe7 41. Re5+ Kd6 42. Rxe8 1-0

[Event "Titled Tuesday intern op 19th Sep Early"]
[Site "Chess.com INT"]
[Date "2023.09.19"]
[Round "1"]
[White "Vidit, Santosh Gujrathi"]
[Black "Korelskiy, Egor"]
[Result "1-0"]
[WhiteElo "2716"]
[BlackElo "2189"]
[PlyCount "47"]
[EventDate "2023.09.19"]
[EventType "swiss (blitz)"]
[EventRounds "11"]
[EventCountry "USA"]
[SourceTitle "EXT 2024"]
[Source "ChessBase"]
[SourceDate "2023.10.10"]
[SourceVersion "1"]
[SourceVersionDate "2023.10.10"]
[SourceQuality "1"]

1. d4 Nf6 2. c4 e6 3. Nf3 d5 4. Nc3 c6 5. Bg5 Nbd7 6. cxd5 exd5 7. e3 h6 8. Bh4 Qb6 9. Qc2 Bd6 10. Bd3 0-0 11. 0-0 a6 12. Rab1 Qc7 13. b4 b5 14. a3 Bb7 15. Rbc1 Qb6 16. Bf5 a5 17. Rb1 axb4 18. axb4 Ra3 19. Ne1 Qc7 20. Bg3 Bxg3 21. hxg3 Nb6 22. Nxb5 Ra2 23. Nxc7 Rxc2 24. Nxc2 1-0

[Event "Titled Tuesday intern op 12th Sep Early"]
[Site "Chess.com INT"]
[Date "2023.09.12"]
[Round "7"]
[White "Korelskiy, Egor"]
[Black "Dyulgerov, Volen"]
[Result "0-1"]
[WhiteElo "2189"]
[BlackElo "2200"]
[PlyCount "58"]
[EventDate "2023.09.12"]
[EventType "swiss (blitz)"]
[EventRounds "11"]
[EventCountry "USA"]
[SourceTitle "EXT 2024"]
[Source "ChessBase"]
[SourceDate "2023.10.10"]
[SourceVersion "1"]
[SourceVersionDate "2023.10.10"]
[SourceQuality "1"]

1. e4 c5 2. Nf3 d6 3. d4 cxd4 4. Qxd4 a6 5. c4 Nc6 6. Qe3 Nf6 7. h3 g6 8. Be2 Bg7 9. 0-0 0-0 10. Nc3 Bd7 11. Rd1 a5 12. c5 dxc5 13. e5 Ne8 14. Bc4 Nc7 15. Qxc5 Qc8 16. Na4 Bxh3 17. gxh3 Qxh3 18. Nh2 Bxe5 19. f4 Rad8 20. Be3 Rxd1+ 21. Rxd1 Ne6 22. Qb6 Nxf4 23. Bxf4 Bxf4 24. Qf2 Ne5 25. Bf1 Bxh2+ 26. Qxh2 Nf3+ 27. Kf2 Qxh2+ 28. Kxf3 Qh5+ 29. Kf2 Qxd1 0-1

[Event "Titled Tuesday intern op 12th Sep Early"]
[Site "Chess.com INT"]
[Date "2023.09.12"]
[Round "10"]
[White "Korelskiy, Egor"]
[Black "Goswami, Vedant"]
[Result "0-1"]
[WhiteElo "2189"]
[BlackElo "2034"]
[PlyCount "64"]
[EventDate "2023.09.12"]
[EventType "swiss (blitz)"]
[EventRounds "11"]
[EventCountry "USA"]
[SourceTitle "EXT 2024"]
[Source "ChessBase"]
[SourceDate "2023.10.10"]
[SourceVersion "1"]
[SourceVersionDate "2023.10.10"]
[SourceQuality "1"]

1. e4 e5 2. Nf3 Nc6 3. Bb5 a6 4. Ba4 g6 5. 0-0 Bg7 6. c3 Nge7 7. d4 0-0 8. d5 Nb8 9. d6 Nec6 10. Bg5 f6 11. Be3 b5 12. Bb3+ Kh8 13. dxc7 Qxc7 14. Bc5 Rd8 15. Bd6 Qb6 16. h4 Na5 17. h5 Bb7 18. hxg6 hxg6 19. Nh4 Nxb3 20. Nxg6+ Kh7 21. Ne7 Bxe4 22. Qh5+ Bh6 23. Qf7+ Bg7 24. Qh5+ Bh6 25. Qh4 Qxd6 26. Qxe4+ Kh8 27. Nf5 Qf8 28. axb3 d5 29. Qh4 Kh7 30. Nd2 Nc6 31. Nf3 Qf7 32. g3 Qg6 0-1

[Event "Titled Tuesday intern op 12th Sep Early"]
[Site "Chess.com INT"]
[Date "2023.09.12"]
[Round "5"]
[White "Korelskiy, Egor"]
[Black "Oparin, Grigoriy"]
[Result "0-1"]
[WhiteElo "2189"]
[BlackElo "2681"]
[PlyCount "77"]
[EventDate "2023.09.12"]
[EventType "swiss (blitz)"]
[EventRounds "11"]
[EventCountry "USA"]
[SourceTitle "EXT 2024"]
[Source "ChessBase"]
[SourceDate "2023.10.10"]
[SourceVersion "1"]
[SourceVersionDate "2023.10.10"]
[SourceQuality "1"]

1. e4 c5 2. Nf3 Nc6 3. Bb5 e6 4. Bxc6 bxc6 5. 0-0 f6 6. e5 Ne7 7. Qe2 Ng6 8. d3 Qc7 9. Re1 fxe5 10. Nxe5 Qxe5 11. Qxe5 Nxe5 12. Rxe5 d6 13. Re1 Kd7 14. b3 Be7 15. Bb2 e5 16. Nd2 Rf8 17. Rad1 Kc7 18. c3 Bf6 19. Ne4 Bf5 20. Ng3 Bg6 21. d4 exd4 22. cxd4 Rae8 23. Kf1 Rxe1+ 24. Kxe1 Re8+ 25. Kf1 d5 26. Ne2 c4 27. bxc4 dxc4 28. Nf4 Bf7 29. Bc3 g5 30. Ne2 Bg6 31. Nc1 g4 32. f3 gxf3 33. gxf3 Kd6 34. Bb4+ Kd5 35. Bc3 Bg5 36. Kf2 Be3+ 37. Kg2 Rg8 38. h4 Bc2+ 39. Kf1 0-1

[Event "Titled Tuesday intern op 12th Sep Early"]
[Site "Chess.com INT"]
[Date "2023.09.12"]
[Round "3"]
[White "Putri, Regita Desyari"]
[Black "Korelskiy, Egor"]
[Result "1-0"]
[WhiteElo "1863"]
[BlackElo "2189"]
[PlyCount "99"]
[EventDate "2023.09.12"]
[EventType "swiss (blitz)"]
[EventRounds "11"]
[EventCountry "USA"]
[SourceTitle "EXT 2024"]
[Source "ChessBase"]
[SourceDate "2023.10.10"]
[SourceVersion "1"]
[SourceVersionDate "2023.10.10"]
[SourceQuality "1"]

1. d4 Nf6 2. c4 e6 3. Nf3 d5 4. Nc3 c6 5. cxd5 exd5 6. Bg5 h6 7. Bh4 Qb6 8. Qb3 Ne4 9. e3 Bb4 10. Rc1 Bf5 11. Be2 Nd7 12. 0-0 Bd6 13. Bg3 Be7 14. Rfd1 0-0 15. Ne5 Nxg3 16. hxg3 Nxe5 17. dxe5 Qxb3 18. axb3 Rfe8 19. f4 Bc5 20. Kf2 Bb6 21. Na4 Bc7 22. Bd3 Bxd3 23. Rxd3 f6 24. exf6 gxf6 25. Nc5 Rab8 26. Nd7 Kf7 27. Nxb8 Rxb8 28. e4 Bb6+ 29. Kf3 dxe4+ 30. Kxe4 Re8+ 31. Kf3 f5 32. Rcd1 Re4 33. Rd7+ Ke8 34. R1d3 Re1 35. Rh7 Rf1+ 36. Ke2 Rf2+ 37. Kd1 Rxg2 38. Rdd7 Rxb2 39. Rxb7 Rb1+ 40. Kc2 Rg1 41. Rb8+ Bd8 42. Rh8+ Ke7 43. Rhxd8 Rg2+ 44. Kc3 Rxg3+ 45. Kc4 Rf3 46. Rdc8 Rxf4+ 47. Kc5 h5 48. Rb7+ Ke6 49. Rxc6+ Ke5 50. Re7# 1-0

[Event "Pozarevac Rudar 16th"]
[Site "Pozarevac"]
[Date "2023.08.18"]
[Round "8"]
[White "Stankovic, Boris"]
[Black "Korelskiy, Egor"]
[Result "1/2-1/2"]
[WhiteElo "2241"]
[BlackElo "2144"]
[PlyCount "177"]
[EventDate "2023.08.11"]
[EventType "tourn"]
[EventRounds "9"]
[EventCountry "SRB"]
[EventCategory "1"]
[SourceTitle "EXT 2024"]
[Source "ChessBase"]
[SourceDate "2023.10.10"]
[SourceVersion "1"]
[SourceVersionDate "2023.10.10"]
[SourceQuality "1"]

1. e4 c5 2. Nf3 e6 3. d4 cxd4 4. Nxd4 a6 5. c4 Nf6 6. Nc3 Qc7 7. Be2 b6 8. 0-0 Bb7 9. f3 Nc6 10. Be3 Nxd4 11. Qxd4 Bc5 12. Qd2 0-0 13. Kh1 Bxe3 14. Qxe3 d6 15. b4 Rfd8 16. Rfc1 Rac8 17. a4 h6 18. a5 bxa5 19. Rxa5 Nd7 20. Na4 Rb8 21. c5 dxc5 22. Nxc5 Nxc5 23. Raa1 Ra8 24. Qxc5 Qf4 25. Qc7 Qe3 26. Re1 Qa7 27. b5 a5 28. b6 Qb8 29. Bb5 Rc8 30. Qe7 Ba6 31. Rac1 Qxb6 32. Rxc8+ Rxc8 33. Be8 Kh7 34. Bxf7 Bc4 35. h3 Qb4 36. Qh4 a4 37. Rd1 a3 38. f4 a2 39. f5 exf5 40. Qh5 Bxf7 41. Qxf5+ Bg6 42. Qxc8 Qb1 43. Rxb1 axb1Q+ 44. Kh2 Qxe4 45. Qc7 Qe2 46. Qf4 Qe6 47. Qc7 Be4 48. Qf4 g5 49. Qc7+ Kg6 50. Qb8 Bd5 51. Qg3 Qf5 52. Qd6+ Be6 53. Qd8 h5 54. Qe8+ Qf7 55. Qc6 g4 56. hxg4 hxg4 57. Kg3 Qf5 58. Qd6 Kh5 59. Qb8 Qf6 60. Kh2 Bd5 61. Kg1 Kh4 62. Kh2 Kg5 63. Kg3 Be6 64. Qc7 Bf5 65. Qb8 Kh5 66. Kh2 Bh7 67. Qc7 Be4 68. Qb8 Kh4 69. Qc7 Qg5 70. Qg3+ Kh5 71. Qb8 Qh4+ 72. Kg1 g3 73. Qh8+ Kg4 74. Qxh4+ Kxh4 75. Kh1 Kg4 76. Kg1 Kf4 77. Kh1 Ke3 78. Kg1 Ke2 79. Kh1 Bf3 80. Kg1 Bg4 81. Kh1 Bh3 82. Kg1 Bd7 83. Kh1 Bc6 84. Kg1 Ba8 85. Kh1 Bd5 86. Kg1 Bf3 87. gxf3 Kxf3 88. Kf1 g2+ 89. Kg1 1/2-1/2

[Event "Pozarevac Rudar 16th"]
[Site "Pozarevac"]
[Date "2023.08.13"]
[Round "3"]
[White "Korelskiy, Egor"]
[Black "Sabuk, Piotr"]
[Result "0-1"]
[WhiteElo "2144"]
[BlackElo "2391"]
[PlyCount "68"]
[EventDate "2023.08.11"]
[EventType "tourn"]
[EventRounds "9"]
[EventCountry "SRB"]
[EventCategory "1"]
[SourceTitle "EXT 2024"]
[Source "ChessBase"]
[SourceDate "2023.10.10"]
[SourceVersion "1"]
[SourceVersionDate "2023.10.10"]
[SourceQuality "1"]

1. e4 e5 2. Nf3 Nc6 3. Bb5 a6 4. Ba4 Nf6 5. 0-0 Be7 6. Re1 b5 7. Bb3 0-0 8. h3 Bb7 9. d3 d5 10. exd5 Nxd5 11. Nxe5 Nxe5 12. Rxe5 Qd6 13. Re1 Rae8 14. Nd2 c5 15. Ne4 Qc6 16. c4 Nb6 17. f3 Bh4 18. Rf1 Qc7 19. Qc2 f5 20. Nc3 b4 21. Nd5 Nxd5 22. cxd5 Qg3 23. d6+ Kh8 24. d7 Re1 25. Be3 Rxe3 26. Qxc5 Re7 27. Qxb4 Rb8 28. Kh1 Re2 29. Rg1 Qxh3+ 30. gxh3 Bxf3+ 31. Rg2 Rxb4 32. Rc1 g6 33. Rc8+ Kg7 34. Rg8+ Kh6 0-1

[Event "Arandjelovac op 2nd"]
[Site "Arandjelovac"]
[Date "2023.08.06"]
[Round "9"]
[White "Kolchin, Maxim"]
[Black "Korelskiy, Egor"]
[Result "1/2-1/2"]
[WhiteElo "2193"]
[BlackElo "2144"]
[PlyCount "76"]
[EventDate "2023.07.31"]
[EventType "swiss"]
[EventRounds "9"]
[EventCountry "SRB"]
[SourceTitle "CBM 215 Extra"]
[Source "ChessBase"]
[SourceDate "2023.09.30"]
[SourceVersion "1"]
[SourceVersionDate "2023.09.30"]
[SourceQuality "1"]

1. Nf3 d5 2. c4 c6 3. e3 Nf6 4. Nc3 e6 5. b3 Be7 6. Bb2 Nbd7 7. Qc2 b6 8. cxd5 exd5 9. g3 Bb7 10. Bg2 0-0 11. 0-0 Re8 12. Rfd1 Rc8 13. d4 Bd6 14. Rac1 Qe7 15. Ne2 Ne4 16. Nf4 f5 17. Nd3 c5 18. dxc5 bxc5 19. Nf4 Ndf6 20. Bxf6 Nxf6 21. Nh4 Bxf4 22. Nxf5 Qe6 23. exf4 Ba8 24. Nh4 Qa6 25. Re1 Rxe1+ 26. Rxe1 c4 27. Nf5 Kh8 28. Qe2 h6 29. Qf1 g6 30. Ne3 Rd8 31. bxc4 d4 32. Nd5 Nxd5 33. cxd5 Qxf1+ 34. Kxf1 Bxd5 35. Bxd5 Rxd5 36. Ke2 Rb5 37. Rd1 Rb4 38. Kd3 Kg7 1/2-1/2

[Event "Arandjelovac op 2nd"]
[Site "Arandjelovac"]
[Date "2023.08.01"]
[Round "2"]
[White "Korelskiy, Egor"]
[Black "Pikula, Dejan"]
[Result "0-1"]
[WhiteElo "2144"]
[BlackElo "2313"]
[PlyCount "120"]
[EventDate "2023.07.31"]
[EventType "swiss"]
[EventRounds "9"]
[EventCountry "SRB"]
[SourceTitle "CBM 215 Extra"]
[Source "ChessBase"]
[SourceDate "2023.09.30"]
[SourceVersion "1"]
[SourceVersionDate "2023.09.30"]
[SourceQuality "1"]

1. e4 c6 2. d4 d5 3. f3 e6 4. Be3 b6 5. Nd2 c5 6. c3 Nf6 7. e5 cxd4 8. cxd4 Nfd7 9. f4 Ba6 10. Bxa6 Nxa6 11. Ngf3 Be7 12. 0-0 Qc7 13. Qe2 Qb7 14. Rac1 0-0 15. a3 Rac8 16. Nb3 Rxc1 17. Rxc1 Rc8 18. Qd1 Rc6 19. Kf2 Nab8 20. Rxc6 Qxc6 21. Qc1 Qb5 22. Nfd2 a5 23. Qc8+ Bf8 24. Qc2 a4 25. Nc1 Qa6 26. Nd3 b5 27. Qc7 Qc6 28. Qxc6 Nxc6 29. Nb1 Nb6 30. Nc3 b4 31. axb4 Bxb4 32. Na2 Be7 33. Nc3 Nb4 34. Ke2 a3 35. bxa3 Nxd3 36. Kxd3 Bxa3 37. Bf2 Kf8 38. Nb5 Nc4 39. Nc3 Bb4 40. Ne2 Ke7 41. g3 Bd2 42. Ng1 f6 43. Nf3 Bc1 44. Kc2 Ba3 45. Kd3 Kf7 46. h3 h6 47. Ke2 h5 48. Nh4 Bc1 49. Nf3 g5 50. fxg5 fxe5 51. dxe5 Bb2 52. g4 hxg4 53. hxg4 Nxe5 54. Ne1 Kg6 55. Ng2 Kxg5 56. Be3+ Kxg4 57. Nf4 Kf5 58. Nh5 Nc4 59. Bf2 Be5 60. Bg3 Kg5 0-1

[Event "Titled Tuesday intern op 25th Jul Early"]
[Site "Chess.com INT"]
[Date "2023.07.25"]
[Round "7"]
[White "Andrews, Todd D"]
[Black "Korelskiy, Egor"]
[Result "0-1"]
[WhiteElo "2149"]
[BlackElo "2144"]
[PlyCount "68"]
[EventDate "2023.07.25"]
[EventType "swiss (blitz)"]
[EventRounds "11"]
[EventCountry "USA"]
[SourceTitle "EXT 2024"]
[Source "ChessBase"]
[SourceDate "2023.10.10"]
[SourceVersion "1"]
[SourceVersionDate "2023.10.10"]
[SourceQuality "1"]

1. e4 c5 2. Nf3 e6 3. d3 d5 4. Nbd2 Nc6 5. g3 g6 6. Bg2 Bg7 7. 0-0 Nge7 8. Re1 0-0 9. c3 b6 10. e5 Qc7 11. Qe2 g5 12. h3 h6 13. a3 Ng6 14. d4 cxd4 15. cxd4 a5 16. b3 Ba6 17. Qe3 Nce7 18. Nf1 Nf5 19. Qd2 Rac8 20. Bb2 Qc2 21. b4 Qb3 22. Rec1 Bxf1 23. Kxf1 axb4 24. axb4 Nge7 25. g4 Nh4 26. Nxh4 gxh4 27. Kg1 Nc6 28. Ba3 Na7 29. Rcb1 Qc2 30. Qf4 Nb5 31. Bb2 Ra8 32. Rxa8 Qxb1+ 33. Qc1 Qxc1+ 34. Bxc1 Rxa8 0-1

[Event "Titled Tuesday intern op 11th Jul Early"]
[Site "Chess.com INT"]
[Date "2023.07.11"]
[Round "4"]
[White "Korelskiy, Egor"]
[Black "Oleksienko, Mikhailo"]
[Result "1/2-1/2"]
[WhiteElo "2144"]
[BlackElo "2592"]
[PlyCount "88"]
[EventDate "2023.07.11"]
[EventType "swiss (blitz)"]
[EventRounds "11"]
[EventCountry "USA"]
[SourceTitle "EXT 2024"]
[Source "ChessBase"]
[SourceDate "2023.10.10"]
[SourceVersion "1"]
[SourceVersionDate "2023.10.10"]
[SourceQuality "1"]

1. e4 c5 2. Nf3 e6 3. Qe2 Nc6 4. g3 e5 5. Bg2 g6 6. 0-0 Bg7 7. Nc3 Nge7 8. Nd5 0-0 9. d3 d6 10. c3 h6 11. Be3 f5 12. Qd2 Kh7 13. Nxe7 Qxe7 14. exf5 gxf5 15. Rfe1 d5 16. d4 e4 17. dxc5 exf3 18. Bxh6 Qf7 19. Bxg7 Qxg7 20. Bxf3 Ne5 21. Bxd5 Rd8 22. Qf4 Rxd5 23. c4 Rxc5 24. Qh4+ Kg6 25. Qf4 Bd7 26. Rad1 Bc6 27. Rd6+ Kh7 28. Qxf5+ Kg8 29. Kf1 Rf8 30. Qe6+ Qf7 31. b4 Qxe6 32. Rxe6 Rxc4 33. R1xe5 Rxb4 34. Rg5+ Kf7 35. Re3 Rb1+ 36. Ke2 Bb5+ 37. Kf3 Kf6 38. h4 Bc6+ 39. Kg4 Rb4+ 40. f4 Re8 41. Rf5+ Kg6 42. Rg5+ Kf6 43. Rf5+ Kg6 44. Rg5+ Kf6 1/2-1/2

[Event "Titled Tuesday intern op 11th Jul Early"]
[Site "Chess.com INT"]
[Date "2023.07.11"]
[Round "2"]
[White "Korelskiy, Egor"]
[Black "Vaglio Munoz, Jaime"]
[Result "1-0"]
[WhiteElo "2144"]
[BlackElo "2174"]
[PlyCount "171"]
[EventDate "2023.07.11"]
[EventType "swiss (blitz)"]
[EventRounds "11"]
[EventCountry "USA"]
[SourceTitle "EXT 2024"]
[Source "ChessBase"]
[SourceDate "2023.10.10"]
[SourceVersion "1"]
[SourceVersionDate "2023.10.10"]
[SourceQuality "1"]

1. e4 c5 2. Nf3 Qa5 3. Nc3 a6 4. d4 b5 5. dxc5 e6 6. Bd2 b4 7. Ne2 Bxc5 8. Ned4 Qb6 9. Be3 Nc6 10. Qd2 Nf6 11. Nxc6 Bxe3 12. fxe3 dxc6 13. e5 Nd5 14. e4 Ne7 15. Bd3 c5 16. 0-0-0 Bb7 17. Rdf1 Rd8 18. Ng5 0-0 19. Qf2 Ng6 20. Qg3 c4 21. Bxc4 Qd4 22. Bd3 Qxe5 23. Qg4 h6 24. Nxf7 Rxf7 25. Rxf7 Kxf7 26. Rf1+ Ke7 27. Qxg6 Qg5+ 28. Qxg5+ hxg5 29. h3 Rd4 30. Re1 e5 31. Kd2 a5 32. Ke3 a4 33. a3 bxa3 34. bxa3 Kd6 35. Rb1 Bc6 36. Rb8 Kc7 37. Rg8 Rd7 38. g4 Kd6 39. Rf8 Kc5 40. Rf5 Re7 41. Rxg5 Bb5 42. Rg6 Bxd3 43. cxd3 Rb7 44. Re6 Rb3 45. Rxe5+ Kc6 46. Rg5 Rxa3 47. Rxg7 Ra1 48. Ra7 a3 49. h4 a2 50. Kd4 Kb6 51. Ra8 Kb7 52. Ra3 Kb6 53. h5 Kb5 54. h6 Kb4 55. Ra8 Kb3 56. g5 Rh1 57. e5 Rh4+ 58. Kd5 Rh5 59. d4 Rxg5 60. h7 Rh5 61. Rb8+ Kc2 62. Ra8 Kb3 63. Rxa2 Kxa2 64. Kd6 Rxh7 65. e6 Kb3 66. e7 Rh8 67. Ke6 Kc4 68. d5 Rh6+ 69. Kf5 Rh8 70. d6 Kd5 71. d7 Rh1 72. d8Q+ Kc5 73. e8Q Rf1+ 74. Kg4 Rg1+ 75. Kh3 Rb1 76. Kg2 Rb2+ 77. Kf3 Rb3+ 78. Ke4 Rb4+ 79. Ke5 Rb5 80. Qc8+ Kb4+ 81. Qxb5+ Kxb5 82. Kd5 Kb4 83. Qc4+ Ka5 84. Qb3 Ka6 85. Kc6 Ka7 86. Qb7# 1-0